00829nam a2200265 i 4500001000300000003000400003005001700007008003900024015001800063020001500081040001400096041000800110080001500118080001200133100004700145245006400192250001200256260004300268300003600311504002600347655003000373650002800403710003400431856009800465bgBPK20191023103318.0981009s1998 pl a f f |000 0 pol aPB 1998/13100 a8301121335 aWA NcBPK0 apol a624.012.45 a(075.8)1 aStarosolski, Włodzimierzd(1933- )eAutor10aKonstrukcje żelbetowe.nT. 2 /cWłodzimierz Starosolski. aWyd. 5. aWarszawa :bWydaw. Naukowe PWN,c1998. a367 s. :brys., wykr. ;c24 cm. aBibliogr. s. 360-367. 4aPodręczniki akademickie 4aKonstrukcje żelbetowe2 aWydawnictwo Naukowe PWN4pbl. uhttp://koha.tu.koszalin.pl/cgi-bin/koha/opac-detail.pl?biblionumber=37564yKatalog online BPK